000 00968nam a2200325Ia 4500
001 Z_5162
003 CHAP
008 220113s2004 xx 000 0 und d
010 _a168222
040 _cCHAP
082 _a636.085 L9
100 _aLyons, T P
_9141353
245 _aNutritional biotechnology in the feed and food industries /
_cpor T P Lyons and K. A. Jacques
260 _aNottingham, UK :
_bUniversity Press,
_c2004
300 _a531 p.
440 _a
500 _aProceedings of Alteech's (20 : 2004 : Leicestershire, UK)
503 _a
650 _aAlimentos y alimentación del ganado
_xIndustria
_94337
650 _aBiotecnología I. Jacques, K A II. t.
_9142493
650 _aEnzimas en alimentación animal
_9140708
650 _aMinerales en alimentación animal
_9142494
650 _aNutrición animal
901 _a636.085 L9
902 _aA
910 _a2004
942 _c1
942 _cc1
999 _c168222
_d168222